000 01132nam a2200265Ia 4500
003 OSt
005 20220923211115.0
006 a|||||r|||| 00| 0
007 ta
008 220922b |||||||| |||| 00| 0 hin d
020 _a8181433580 (hbk)
_c200
024 _a246,129
037 _b428, 28/01/2011, Eastern Book Linkers
_cTextual
040 _aARTS
_cARTS
_bhin
041 _2hin
_ahin
082 _aO152:g(Y5927), P0;P5
100 _aलिंबाले, शरण कुमार; गुप्ता, रमणिका, अनु.
_9158307
245 0 _aदलित साहित्य का सौंदर्य शास्त्र
246 _aDalit sāhitya kā sauandarya shāstra
260 _aनयी दिल्ली
_b वाणी प्रकाशन
_c2005
300 _a178पृ.
_ccm.
650 _aहिन्दी साहित्य
_9156264
942 _hO152:g(Y5927), P0;P5
_cTEXL
_2CC
999 _c295351
_d295351